000 00509nam a2200181 4500
999 _c168908
_d168908
005 20191031122217.0
010 _aENG-126759
020 _a9789350337820
_c125.00
035 _aEN-110291
037 _bDBAD/PUB
082 _aN
100 _aIrani, Yohan
245 _aHelen :
_cby Yohan Irani
_binspired by true events /
260 _aNoida
_bMaple Press
_c2018
270 _aA-63, Sector 58
_bNoida
_e201301
_k911204553581
_minfo@maplepress.co.in
300 _a88p.
_c21cm(pbk)
942 _2ddc
_cEN
_hN
_mIRA